书目信息 |
| 题名: |
机械原理典型题解析及自测试题
|
|
| 作者: | 董海军 主编 | |
| 分册: | ||
| 出版信息: | 西安 西北工业大学出版社 2001.05 |
|
| 页数: | 226页 | |
| 开本: | 19cm | |
| 丛书名: | 工科课程提高与应试丛书 | |
| 单 册: | ||
| 中图分类: | TH111-44 | |
| 科图分类: | ||
| 主题词: | 机构学 | |
| 电子资源: | ||
| ISBN: | 7-5612-1291-7 | |
| 000 | 00686nam0 2200217 45 | |
| 001 | 0230975266 | |
| 005 | 2002061108361526 | |
| 010 | @a7-5612-1291-7@b压膜@dRMB 10.00 | |
| 100 | @a20020611d2001 km y0chiy0120 ea | |
| 101 | 0 | @achi |
| 102 | @aCN@b610000 | |
| 200 | 1 | @a机械原理典型题解析及自测试题@Aji xie yuan li dian xing ti jie xi ji zi ce shi ti@f董海军主编@Fdong hai jun zhu bian |
| 210 | @a西安@c西北工业大学出版社@d2001.05 | |
| 215 | @a226页@d19cm | |
| 225 | 2 | @a工科课程提高与应试丛书 |
| 461 | 0 | @12001 @a工科课程提高与应试丛书 |
| 606 | 0 | @a机构学 |
| 690 | @aTH111-44@v3 | |
| 701 | 0 | @a董海军@Adong hai jun@4主编 |
| 801 | 0 | @aCN@bPFT@c20020611 |
| 905 | @a10447@dTH111-44@eD700 | |
| 机械原理典型题解析及自测试题/董海军主编.-西安:西北工业大学出版社,2001.05 |
| 226页;19cm.-(工科课程提高与应试丛书) |
| ISBN 7-5612-1291-7(压膜):RMB 10.00 |
| ● |
| 相关链接 |
|
|
|
正题名:机械原理典型题解析及自测试题
索取号:TH111-44/D700
 
预约/预借
| 序号 | 登录号 | 条形码 | 馆藏地/架位号 | 状态 | 备注 |
| 1 | 360221 | 203602217 | 自科库501/501自科库 32排1列3层/ [索取号:TH111-44/D700] | 在馆 | |
| 2 | 360222 | 203602226 | 自科库501/501自科库 32排1列3层/ [索取号:TH111-44/D700] | 在馆 | |
| 3 | 360223 | 203602235 | 自科库501/501自科库 32排1列3层/ [索取号:TH111-44/D700] | 在馆 |